Cơ học đất ứng dụng và tính toán công trình trên nền đất theo trạng thái giới

Nội dung quyển sách trình bày các vấn đề về tính chất kĩ thuật của đất trên cơ sở nghiên cứu với mẫu đất; Cơ học đất ứng dụng; Nội dung tính toán thiết kế theo trạng thái giới hạn phá hoại và trạng thái giới hạn sử dụng của hệ cô...

全面介绍

Đã lưu trong:
书目详细资料
主要作者: Phan, Trường Phiệt
格式: 图书
语言:Undetermined
出版: Hà Nội Xây dựng 2005
主题:
标签: 添加标签
没有标签, 成为第一个标记此记录!
Thư viện lưu trữ: Trung tâm Học liệu Trường Đại học Cần Thơ
LEADER 01051nam a2200205Ia 4500
001 CTU_103898
008 210402s9999 xx 000 0 und d
020 |c 92000 
082 |a 624.151362 
082 |b Ph308 
100 |a Phan, Trường Phiệt 
245 0 |a Cơ học đất ứng dụng và tính toán công trình trên nền đất theo trạng thái giới 
245 0 |c Phan Trường Phiệt 
260 |a Hà Nội 
260 |b Xây dựng 
260 |c 2005 
520 |a Nội dung quyển sách trình bày các vấn đề về tính chất kĩ thuật của đất trên cơ sở nghiên cứu với mẫu đất; Cơ học đất ứng dụng; Nội dung tính toán thiết kế theo trạng thái giới hạn phá hoại và trạng thái giới hạn sử dụng của hệ công trình nền đất,... 
650 |a Soil mechanics,Foundations 
904 |i Minh 
980 |a Trung tâm Học liệu Trường Đại học Cần Thơ